| Tag |
First Indicator |
Second Indicator |
Subfields |
| LEADER |
00000cas a2200000 4500 |
| 001 |
in00000039575 |
| 005 |
20151007081829.0 |
| 008 |
800425c19uu9999nyuuu 0uuua0eng |
| 010 |
|
|
|a 28010790
|
| 035 |
|
|
|a (OCoLC)06245844
|
| 035 |
|
|
|9 AAF6973AM
|
| 040 |
|
|
|a DLC
|c TXA
|d UtOrBLW
|
| 049 |
|
|
|a TXAE
|
| 050 |
|
0 |
|a SF325
|b .H75
|
| 245 |
0 |
0 |
|a Horses in training ... /
|c embracing all horses engaged in stakes on American courses, including all two-year-olds registered with the Jockey club.
|
| 264 |
|
1 |
|a New York city :
|b H.A. Buck,
|c [19]
|
| 300 |
|
|
|a volumes ;
|c 15 x 8 cm.
|
| 336 |
|
|
|a text
|b txt
|2 rdacontent
|
| 337 |
|
|
|a unmediated
|b n
|2 rdamedia
|
| 338 |
|
|
|a volume
|b nc
|2 rdacarrier
|
| 650 |
|
0 |
|a Horse racing
|z United States.
|
| 999 |
|
|
|a MARS
|
| 999 |
f |
f |
|s 2c85db85-28ee-384c-b0e9-4829b7729e9c
|i 5c914376-68d5-3c6e-8b3c-c1851ba7cbd6
|t 0
|
| 952 |
f |
f |
|p ric
|a Texas A&M University
|b Rellis Campus
|c Joint Library Facility
|d Remote Storage
|t 0
|e SF325 .H75
|h Library of Congress classification
|i unmediated -- volume
|k 1937
|m A14852038026
|
| 952 |
f |
f |
|p ric
|a Texas A&M University
|b Rellis Campus
|c Joint Library Facility
|d Remote Storage
|t 0
|e SF325 .H75
|h Library of Congress classification
|i unmediated -- volume
|k 1906
|m A14852038000
|
| 952 |
f |
f |
|p ric
|a Texas A&M University
|b Rellis Campus
|c Joint Library Facility
|d Remote Storage
|t 0
|e SF325 .H75
|h Library of Congress classification
|i unmediated -- volume
|k 1934
|m A14811816160
|
| 952 |
f |
f |
|p ric
|a Texas A&M University
|b Rellis Campus
|c Joint Library Facility
|d Remote Storage
|t 0
|e SF325 .H75
|h Library of Congress classification
|i unmediated -- volume
|k 1935
|m A14852038034
|
| 952 |
f |
f |
|p ric
|a Texas A&M University
|b Rellis Campus
|c Joint Library Facility
|d Remote Storage
|t 0
|e SF325 .H75
|h Library of Congress classification
|i unmediated -- volume
|k 1910
|m A14852038018
|
| 998 |
f |
f |
|a SF325 .H75
|s 1905-1906,1910,1930-1931,1934,1937
|t 0
|l Remote Storage
|